Oficjalne nazwy europejskich państw - Statystyki

Ogólne statystyki
  • Ten quiz został rozwiązany 26 razy
  • Średni wynik to 25 z 45
Statystyki odpowiedzi
Hint Odpowiedź % Poprawnych
Polska Rzeczpospolita Polska
94%
Czechy Republika Czeska
83%
Belgia Królestwo Belgii
72%
Hiszpania Królestwo Hiszpanii
72%
Monako Księstwo Monako
72%
Francja Republika Francuska
72%
Grecja Republika Grecka
72%
Irlandia Republika Irlandii
72%
Litwa Republika Litewska
72%
Dania Królestwo Danii
67%
Szwecja Królestwo Szwecji
67%
Białoruś Republika Białorusi
67%
Łotwa Republika Łotewska
67%
Mołdawia Republika Mołdawii
67%
Włochy Republika Włoska
67%
Norwegia Królestwo Norwegii
61%
Andora Księstwo Andory
61%
Albania Republika Albanii
61%
Austria Republika Austrii
61%
Bułgaria Republika Bułgarii
61%
Chorwacja Republika Chorwacji
61%
Niemcy Republika Federalna Niemiec
61%
Kazachstan Republika Kazachstanu
61%
Macedonia Północna Republika Macedonii Północnej
61%
Serbia Republika Serbii
61%
Słowenia Republika Słowenii
61%
Holandia Królestwo Niderlandów
56%
Estonia Republika Estońska
56%
Finlandia Republika Finlandii
56%
Malta Republika Malty
56%
Portugalia Republika Portugalska
56%
San Marino Republika San Marino
56%
Słowacja Republika Słowacka
56%
Rosja Federacja Rosyjska
50%
Liechtenstein Księstwo Liechtensteinu
50%
Wielka Brytania Zjednoczone Królestwo Wielkiej Brytanii i Irlandii Północnej
50%
Turcja Republika Turcji
44%
Szwajcaria Konfederacja Szwajcarska
22%
Watykan Państwo Watykańskie
22%
Luksemburg Wielkie Księstwo Luksemburga
22%
Bośnia i Hercegowina Bośnia i Hercegowina
17%
Czarnogóra Czarnogóra
17%
Islandia Islandia
17%
Rumunia Rumunia
11%
Ukraina Ukraina
11%
Nie znaleziono quizów pasujących do podanych kryteriów
Rozkład punktacji
Procent ludzi z każdym wynikiem
Percentyl według liczby udzielonych odpowiedzi
Twoja historia wyników
Nie rozwiązałeś tego quizu